Kadra Chorwacji na mundial 2022 - Statystyki

Ogólne statystyki
  • Ten quiz został rozwiązany 109 razy
  • Średni wynik to 13 z 26
Statystyki odpowiedzi
Pozycja Zawodnik % Poprawnych
Pomocnik Luka Modrić
100%
Bramkarz Dominik Livaković
86%
Obrońca Josko Gvardiol
78%
Pomocnik Mateo Kovacić
78%
Napastnik Ivan Perisić
77%
Pomocnik Marcelo Brozović
73%
Obrońca Dejan Lovren
67%
Obrońca Domagoj Vida
67%
Napastnik Andrej Kramarić
63%
Obrońca Josip Juranović
61%
Napastnik Bruno Petković
55%
Obrońca Borna Sosa
50%
Pomocnik Mario Pasalić
50%
Pomocnik Lovro Majer
47%
Napastnik Mislav Orsić
47%
Napastnik Marko Livaja
42%
Obrońca Josip Stanisić
36%
Obrońca Josip Sutalo
27%
Pomocnik Nikola Vlasić
27%
Bramkarz Ivo Grbić
25%
Napastnik Ante Budimir
20%
Obrońca Borna Barisić
19%
Bramkarz Ivica Ivusić
19%
Pomocnik Luka Sucić
14%
Obrońca Martin Erlić
14%
Pomocnik Kristijan Jakić
9%
Nie znaleziono quizów pasujących do podanych kryteriów
Rozkład punktacji
Procent ludzi z każdym wynikiem
Percentyl według liczby udzielonych odpowiedzi
Twoja historia wyników
Nie rozwiązałeś tego quizu